LEADER 01024cam2 2200289 450 001 E600200053473 005 20160113182449.0 100 $a20090914d1979 |||||ita|0103 ba 101 $aita 102 $aIT 200 0 $a2: 1920-1921 210 $aMilano$cGiuffrè$dstampa 1979 215 $aXI, 794 p.$d23 cm 461 1$1001E600200053470$12000 $aPensieri a Giulia / Giuseppe Capograssi ; a cura Gabrio Lombardi 700 1$aCapograssi$b, Giuseppe$3AF00007339$4070$0160447 702 1$aLombardi, Gabrio$3AF00024539$4070 801 0$aIT$bUNISOB$c20160113$gRICA 850 $aUNISOB 852 $aUNISOB$j100$m87208 852 $aUNISOB$j850$m39165 912 $aE600200053473 940 $aM 102 Monografia moderna SBN 941 $aW 957 $a100$b009407$i-2$gSi$d87208$rdono$1pregresso1$2UNISOB$3UNISOB$420090914074343.0$520160113182423.0$6rovito 957 $a850$b001077$i-2$gSI$d39165$1rovito$2UNISOB$3UNISOB$420160113182427.0$520160113182449.0$6rovito 996 $a2: 1920-1921$91708993 997 $aUNISOB